[Event "European Youth Chess Championship B16"]
[Site "Prague, Top Hotel Prague"]
[Date "2012.08.17"]
[Round "1.39"]
[White "Mikes, Jan"]
[Black "Thorpe, Thomas"]
[Result "1-0"]
[WhiteElo "2125"]
[BlackElo "1829"]
[PlyCount "63"]
[EventDate "2012.08.17"]

1. e4 g6 2. d4 Bg7 3. Nf3 c5 4. d5 d6 5. Nc3 Nf6 6. Be2 O-O 7. O-O Bg4 8. Nd2
Bxe2 9. Qxe2 Na6 10. Nc4 Nc7 11. a4 e6 12. Qf3 exd5 13. exd5 Nd7 14. Bf4 Ne5
15. Bxe5 dxe5 16. Rad1 Qd7 17. Rfe1 Rfe8 18. Qg3 e4 19. d6 Ne6 20. Nxe4 Qxa4
21. b3 Qb4 22. d7 Red8 23. Ne5 f5 24. Nd6 f4 25. Qg4 Nf8 26. Qf3 Bxe5 27. Qd5+
Kg7 28. Qxe5+ Kg8 29. Qd5+ Kh8 30. Re7 Rxd7 31. Nf7+ Kg7 32. Qe5+ 1-0

[Event "European Youth Chess Championship B16"]
[Site "Prague, Top Hotel Prague"]
[Date "2012.08.17"]
[Round "1.41"]
[White "Szotkowski, Jakub"]
[Black "Gruter, Martin"]
[Result "1-0"]
[WhiteElo "2109"]
[BlackElo "1811"]
[PlyCount "53"]
[EventDate "2012.08.17"]

1. Nf3 Nf6 2. g3 g6 3. Bg2 Bg7 4. O-O O-O 5. c4 d6 6. Nc3 Nc6 7. Rb1 a6 8. b4
Rb8 9. a4 Nd7 10. d4 e5 11. e3 exd4 12. exd4 Nb6 13. Bg5 Qd7 14. Qb3 Nxd4 15.
Nxd4 Bxd4 16. a5 Na8 17. Rbd1 Bg7 18. Nd5 f6 19. Bf4 Kh8 20. Rfe1 Re8 21. c5 g5
22. Nxc7 Rxe1+ 23. Rxe1 Nxc7 24. Bxd6 h6 25. Re7 Qxe7 26. Bxe7 Be6 27. Qd3 1-0

[Event "European Youth Chess Championship B16"]
[Site "Prague, Top Hotel Prague"]
[Date "2012.08.17"]
[Round "1.45"]
[White "Khamidov, Komil"]
[Black "Meisch, Tanguy"]
[Result "1-0"]
[WhiteElo "2090"]
[BlackElo "1748"]
[PlyCount "61"]
[EventDate "2012.08.17"]

1. e4 e5 2. Nf3 Nf6 3. Nc3 Nc6 4. d4 exd4 5. Nxd4 Bc5 6. Nxc6 bxc6 7. Bd3 d5 8.
Bg5 Rb8 9. O-O Be6 10. exd5 cxd5 11. Bb5+ Kf8 12. Ba4 h6 13. Bf4 Rb4 14. Bg3 h5
15. a3 Rd4 16. Qc1 Ne4 17. Nxe4 Rxe4 18. b4 Bd4 19. c3 Bf6 20. Bb5 h4 21. Bf4
g5 22. Be3 h3 23. g3 d4 24. Bc6 Bd5 25. cxd4 Bxc6 26. Qxc6 Re6 27. Qc5+ Be7 28.
Qf5 Qa8 29. d5 Bf6 30. Rae1 Rd6 31. Bc5 1-0

[Event "European Youth Chess Championship B16"]
[Site "Prague, Top Hotel Prague"]
[Date "2012.08.17"]
[Round "1.46"]
[White "Melichar, Vojtech"]
[Black "Jozefek, Michal"]
[Result "0-1"]
[WhiteElo "1737"]
[BlackElo "2081"]
[PlyCount "54"]
[EventDate "2012.08.17"]

1. e4 c5 2. Nf3 Nc6 3. d4 cxd4 4. Nxd4 g6 5. Nc3 Bg7 6. Be3 Nf6 7. f3 O-O 8.
Qd2 d5 9. exd5 Nxd5 10. Nxc6 bxc6 11. Nxd5 cxd5 12. c3 e5 13. Bd3 e4 14. Be2
Be6 15. O-O Qa5 16. Rfd1 Rab8 17. Qc2 Rfe8 18. Bd4 Bf5 19. Qd2 Bxd4+ 20. cxd4
Qxd2 21. Rxd2 e3 22. Rdd1 Rxb2 23. Kf1 Rc8 24. g4 Rcc2 25. Re1 Rxe2 26. Rxe2
Bd3 27. Rae1 Rxe2 0-1

[Event "European Youth Chess Championship B16"]
[Site "Prague, Top Hotel Prague"]
[Date "2012.08.17"]
[Round "1.47"]
[White "Cap, Adam"]
[Black "Liduch, Filip"]
[Result "1/2-1/2"]
[WhiteElo "2074"]
[BlackElo "1683"]
[PlyCount "77"]
[EventDate "2012.08.17"]

1. e4 e5 2. Nf3 Nc6 3. Bb5 Nf6 4. O-O Nxe4 5. Re1 Nd6 6. Nxe5 Nxe5 7. Rxe5+ Be7
8. Bd3 O-O 9. Nc3 Bf6 10. Re1 b6 11. b3 Bb7 12. Ba3 c5 13. Qg4 Re8 14. Rxe8+
Qxe8 15. Kf1 Qe6 16. Qg3 Ne4 17. Bxe4 Bxe4 18. Re1 Bxc3 19. dxc3 Qg6 20. Qxg6
Bxg6 21. Rd1 Bxc2 22. Rxd7 Bb1 23. Rd2 Bf5 24. f3 f6 25. Kf2 Kf7 26. Bc1 Re8
27. Re2 Rxe2+ 28. Kxe2 Bb1 29. a3 Ba2 30. b4 cxb4 31. cxb4 a5 32. bxa5 bxa5 33.
Bd2 a4 34. Bb4 Bc4+ 35. Kf2 Bb3 36. Bc5 Bc4 37. Bb4 Bb3 38. Bc5 Bc4 39. Bb4
1/2-1/2

[Event "European Youth Chess Championship B16"]
[Site "Prague, Top Hotel Prague"]
[Date "2012.08.17"]
[Round "1.48"]
[White "Chalabi, Max"]
[Black "Toman, Ondrej"]
[Result "0-1"]
[WhiteElo "1680"]
[BlackElo "2074"]
[PlyCount "86"]
[EventDate "2012.08.17"]

1. e4 c6 2. d4 d5 3. exd5 cxd5 4. Bd3 Nc6 5. c3 g6 6. Bf4 Bf5 7. Bxf5 gxf5 8.
Qb3 Qd7 9. Nd2 Bg7 10. Ngf3 Nf6 11. h4 Ne4 12. Nxe4 fxe4 13. Ne5 Nxe5 14. dxe5
O-O 15. g3 e6 16. Rd1 Qc7 17. Qb4 Bxe5 18. Bxe5 Qxe5 19. Qd4 Qxd4 20. Rxd4 Rfc8
21. Ke2 Rc5 22. Rhd1 Rac8 23. R1d2 Rc4 24. f3 Rxd4 25. Rxd4 exf3+ 26. Kxf3 f6
27. Ke3 Kf7 28. g4 Rc4 29. Rxc4 dxc4 30. Kd4 b5 31. Kc5 a6 32. a4 bxa4 33. Kxc4
h6 34. Kb4 f5 35. gxf5 exf5 36. c4 Ke6 37. Kc5 f4 38. Kd4 f3 39. Ke3 Kd6 40.
Kxf3 Kc5 41. Kg4 Kxc4 42. Kh5 Kb3 43. Kxh6 Kxb2 0-1

[Event "European Youth Chess Championship B16"]
[Site "Prague, Top Hotel Prague"]
[Date "2012.08.17"]
[Round "1.49"]
[White "Bayramov, Elkhan"]
[Black "Pricopie, Stefan"]
[Result "1-0"]
[WhiteElo "2069"]
[BlackElo "1616"]
[PlyCount "61"]
[EventDate "2012.08.17"]

1. e4 c6 2. d4 d5 3. exd5 cxd5 4. c4 Nf6 5. Nc3 Nc6 6. Nf3 Bg4 7. cxd5 Nxd5 8.
Qb3 Nb6 9. d5 Bxf3 10. gxf3 Nd4 11. Qd1 Nf5 12. Bf4 Nd6 13. Rc1 a6 14. Bh3 g6
15. Qd4 f6 16. O-O Bg7 17. Be6 Nbc4 18. Ne4 Ne5 19. Kg2 Ndf7 20. Rc2 O-O 21.
Rfc1 Kh8 22. Rc7 Rb8 23. Qd2 Nd6 24. Nxd6 Qxd6 25. Rd7 Qb6 26. Rxe7 Rfe8 27.
Rec7 Rbd8 28. Bh6 Rxe6 29. Bxg7+ Kg8 30. Bf8 Nf7 31. Rxf7 1-0